Escritos de varia lección: ocho estudios
Na minha lista:
| Autor principal: | |
|---|---|
| Formato: | Livro |
| Idioma: | espanhol |
| Publicado em: |
Concepción
Sur
1988
|
| Colecção: | Colección Estudios y Ensayos
|
| Assuntos: | |
| Tags: |
Adicionar Tag
Sem tags, seja o primeiro a adicionar uma tag!
|
MARC
| LEADER | 00000nam a2200000 a 4500 | ||
|---|---|---|---|
| 001 | UCL0282 | ||
| 003 | CL-VaPUC | ||
| 008 | 030704e19880000CL |||||||||||||||||spa|d | ||
| 082 | 0 | 4 | |a 801.95 |b OST |2 21 |
| 100 | |a Ostria González, Mauricio |e autor |9 603583 | ||
| 245 | 1 | 0 | |a Escritos de varia lección: ocho estudios |
| 300 | |a 160 p | ||
| 942 | |c BK | ||
| 945 | |d 20030704 00:00:00 |a cmena | ||
| 260 | |a Concepción |b Sur |c 1988 | ||
| 650 | 0 | |a Crítica literaria |9 269189 | |
| 650 | 0 | |a Ensayos chilenos |9 269132 | |
| 650 | 0 | |a Literatura hispanoamericana |9 269097 | |
| 583 | |a last modification |c 20030704 00:00:00 |k Rodrigo Vera | ||
| 490 | 0 | |a Colección Estudios y Ensayos | |
| 999 | |c 304224 |d 304222 | ||
| 952 | |0 0 |1 0 |4 0 |6 801_950000000000000_OST_1988 |7 0 |8 A |9 366129 |a BIBEDU |b BIBEDU |d 2019-11-21 |i 391707K |o 801.95 OST 1988 |p 391707K |r 2019-11-21 |w 2019-11-21 |y BK |k LIT | ||
| 952 | |0 0 |1 0 |4 0 |6 801_950000000000000_OST_1988 |7 0 |8 A |9 366130 |a BIBEDU |b BIBEDU |d 2019-11-21 |i 4190432 |o 801.95 OST 1988 |p 4190432 |r 2019-11-21 |w 2019-11-21 |y BK |k LIT | ||